INORGANIC CHEMISTRY (Record no. 9996)

MARC details
000 -LEADER
fixed length control field 00484nam a22001697a 4500
003 - CONTROL NUMBER IDENTIFIER
control field SGT
020 ## - INTERNATIONAL STANDARD BOOK NUMBER
International Standard Book Number 9789385795347
082 ## - DEWEY DECIMAL CLASSIFICATION NUMBER
Classification number 546 AMI
100 ## - MAIN ENTRY--PERSONAL NAME
Personal name AMANI,ANITA
245 ## - TITLE STATEMENT
Title INORGANIC CHEMISTRY
250 ## - EDITION STATEMENT
Edition statement 1st
260 ## - PUBLICATION, DISTRIBUTION, ETC. (IMPRINT)
Place of publication, distribution, etc NEW DELHI
Name of publisher, distributor, etc PRAGATI PRAKASHAN
Year of Publication 2016
300 ## - PAGE DESCRIPTION
No. of Pages 240
650 ## - SUBJECT ADDED ENTRY--TOPICAL TERM
Topical term or geographic name as entry element INORGANIC CHEMISTRY
653 ## - KEYWORDS--INDEX TERM
Keyword term ATOMIC STRUCTURE,PERIODIC PROPERTIES,COVALENT BOND,IONIC SOLIDS,S- BLOCK ELEMENTS, CHEMISTRY OF NOBLE GASES,P-BLOCK ELEMENTS
942 ## - ADDED ENTRY ELEMENTS (KOHA)
Source of classification or shelving scheme Dewey Decimal Classification
Koha item type FPS Books
942 ## - ADDED ENTRY ELEMENTS (KOHA)
-- 26
Holdings
Withdrawn status Lost status Source of classification or shelving scheme Damaged status Not for loan Collection code Home library Current library Shelving location Date acquired Vendor Name Cost, normal purchase price Volume Information (Serial or Books or Non-Book Material) SGTU Bill Number Total Checkouts Full call number Accession No. (Barcode) Date last seen Date last borrowed Bill Date Koha item type Total Renewals
    Dewey Decimal Classification     SCIENCE SGT Science & Social Sciences Library SGT Science & Social Sciences Library Text Book 13/10/2016 PRAGATI PARAKSHAN 225.00 1 SGTU 7099 26 546 AMI PS2854 15/01/2025 10/01/2025 26/09/2016 FPS Books  
    Dewey Decimal Classification     SCIENCE SGT Science & Social Sciences Library SGT Science & Social Sciences Library Text Book 13/10/2016 PRAGATI PARAKSHAN 225.00 1 SGTU 7099 27 546 AMI PS2855 13/12/2024 05/12/2024 26/09/2016 FPS Books  
    Dewey Decimal Classification     SCIENCE SGT Science & Social Sciences Library SGT Science & Social Sciences Library Text Book 13/10/2016 PRAGATI PARAKSHAN 225.00 1 SGTU 7099 9 546 AMI PS2856 13/01/2025 30/12/2024 26/09/2016 FPS Books 2
    Dewey Decimal Classification     SCIENCE SGT Science & Social Sciences Library SGT Science & Social Sciences Library Text Book 13/10/2016 PRAGATI PARAKSHAN 225.00 1 SGTU 7099 23 546 AMI PS2857 15/01/2025 26/12/2024 26/09/2016 FPS Books